000 00524nam a2200157Ia 4500
005 20250923145124.0
008 008 250917s9999 xx 000 0 eng d
037 _aTextual
040 _aDSWL
_beng
_cDSWL
041 _aeng
_2eng
084 _aY31-33.2'N63t, N66;1
_qDSWL
245 0 _aReport of the rural urban relationip Vol-III
_cby of Govt of India
260 _aNew Delhi
_b Institute of Heath & Family Planning
_c1966
942 _cTEXL
_hY31-33.2'N63t, N66;1
999 _c1447421
_d1447421